Alle Hauptstädte Südamerikas - Statistiken

Allgemein
  • Dieses Quiz wurde 58 mal gespielt
  • Das Durchschnittsergebnis liegt bei 9 aus 12
Antwortstatistiken
Hauptstadt % Korrekt
Brasília
98%
Buenos Aires
93%
Bogotá
88%
Lima
80%
Montevideo
80%
Quito
80%
Caracas
78%
Santiago de Chile
66%
Asunción
63%
Georgetown
63%
Paramaribo
56%
Sucre
56%
Keine übereinstimmenden Quizze gefunden
Verteilung der Resultate
Anzahl Personen mit jedem Resultat
Perzentil nach korrekt beantworteten Fragen
Ihre Resultats-Entwicklung
Sie haben dieses Quiz noch nicht gespielt